| 000 | 00492nam a2200181 a 4500 | ||
|---|---|---|---|
| 005 | 20140412111416.0 | ||
| 008 | 110408s19uu xx 00 eng d | ||
| 020 | _a0-375-80242-8 | ||
| 050 |
_aER _bTh32 1999 |
||
| 100 | _aAwdry, Rev. | ||
| 245 |
_aThomas the really useful engine / _cRev W. Awdry. |
||
| 260 |
_aUSA : _bRandom house, _c1999. |
||
| 300 | _aunp. | ||
| 440 | _athomas and friends | ||
| 650 |
_aRailroads - trains _xfiction |
||
| 650 | _aStorms - fiction | ||
| 999 |
_c105851 _d105851 |
||